Statistics for 5 Largest cities in Alaska

Click here to take the quiz!

General Stats

  • This quiz has been taken 15 times
  • The average score is 4 of 5

Answer Stats

Rank Answer % Correct
1Anchorage
100%
3Juneau
100%
2Fairbanks
85%
4Sitka
46%
5Ketchikan
46%

Score Distribution

Percentile by Number Answered

Percent of People with Each Score

Your Score History

You have not taken this quiz